[Event "USA-ch Girls 2017"]
[Site "Saint Louis"]
[Date "2017.07.09"]
[Round "2"]
[White "Ulrich, Rachel J"]
[Black "Feng, Maggie"]
[Result "1/2-1/2"]
[WhiteElo "2049"]
[BlackElo "2304"]
[Annotator "TA"]
[PlyCount "62"]
[EventDate "2017.??.??"]
[EventType "tourn"]
[EventCountry "USA"]
[SourceTitle "playchess.com"]
[Source "ChessBase"]
[SourceQuality "1"]

{[%evp 33,62,0,0,-30,-30,-30,-30,-29,-29,-33,0,0,0,-7,55,43,93,92,79,0,0,0,54,0,0,0,0,-12,-16,-14,-12]} 1. e4 e6 2. d4 d5 3. Nc3 Bb4 4. e5 Ne7 5. a3 Bxc3+ 6. bxc3 c5 7. Qg4 O-O 8. Bd3 Nbc6 9. Qh5 Ng6 10. Nf3 {[%cal Bg1f3,Bf3g5,Bg5h3,Bh3f4][%mdl 32]} Qc7 11. Be3 c4 12. Bxg6 fxg6 13. Qg4 Qf7 14. Ng5 Qe8 {C18: French: 3 Nc3 Bb4: Main line: 7 h4 and 7 Qg4} 15. h4 h6 (15... Ne7 16. a4 a5 17. Qe2 Bd7 18. g4 Ra6 19. Bc1 Bxa4 20. Ba3 h6 21. Nh3 b5 22. Bc5 {1-0 (38) Karjakin,S (2778)-Vallejo Pons,F (2697) Sao Paulo/Bilbao 2012}) 16. Nh3 b5 17. h5 gxh5 {[#] LiveBook: 5 Games} 18. Qg3 $146 {[#] Black must now prevent Bxh6.} (18. Qe2 {keeps more tension.} Bd7 19. Nf4 h4 20. Rxh4 Ne7 21. Rh3) ({Predecessor:} 18. Qe2 a5 19. Nf4 g6 20. g4 Ne7 21. Ng2 Kh7 22. Qd2 {1-0 (33) Svidler,P (2640)-Bareev,E (2665) Elista 1997}) 18... Ne7 {And now ...Nf5 would win.} 19. Nf4 Nf5 20. Qh3 h4 21. Bd2 g5 22. Qg4 Ng7 23. Ne2 Qg6 {[#]} (23... Bd7 $11) 24. Rxh4 $1 $14 {[%mdl 512]} Qf5 (24... gxh4 25. Qxg6) 25. Qxf5 Nxf5 26. Rg4 ({Better is} 26. Rh2 $16) 26... Bd7 $36 {[%mdl 2048] Black is more active.} 27. O-O-O Ng7 ({Black should try} 27... Kf7 $11) 28. f4 (28. f3 $14) 28... Be8 {...Bh5 is the strong threat.The position is equal.} 29. Ng3 gxf4 30. Bxf4 h5 31. Rh4 Nf5 1/2-1/2

[Event "USA-ch Girls 2017"]
[Site "Saint Louis"]
[Date "2017.07.09"]
[Round "2"]
[White "Bykovtsev, Agata"]
[Black "Virkud, Apurva"]
[Result "0-1"]
[WhiteElo "2045"]
[BlackElo "2213"]
[Annotator "TA"]
[PlyCount "144"]
[EventDate "2017.??.??"]
[EventType "tourn"]
[EventCountry "USA"]
[SourceTitle "playchess.com"]
[Source "ChessBase"]
[SourceQuality "1"]

{[%evp 23,144,14,21,9,35,28,39,26,29,37,52,24,19,11,1,8,55,14,45,28,37,35,64,46,93,37,33,22,58,38,47,23,32,20,29,1,21,-81,-81,-81,-81,-125,-18,-76,-75,-86,-89,-88,-84,-91,-73,-57,-50,-91,-97,-105,-82,-143,-91,-107,-97,-121,-116,-120,-82,-74,-34,-62,-47,-104,-76,-106,-85,-113,-88,-127,-73,-135,-127,-154,-154,-156,-150,-194,-176,-281,-283,-280,-280,-267,-268,-423,-429,-585,-584,-508,-403,-583,-560,-531,-509,-681,-722,-688,-622,-664,-595,-1095,-1091,-1041,-960,-1481,-833,-780,-755,-1163,-1104,-1133,-1074,-29987,-29988,-29990,-29991]} 1. e4 c5 2. Nf3 d6 3. Nc3 a6 4. d4 cxd4 5. Nxd4 Nf6 6. Bc4 e6 7. O-O b5 8. Bb3 Be7 9. Qf3 Qc7 10. Re1 O-O 11. Qg3 Bd7 12. Bh6 Ne8 {LiveBook: 23 Games} 13. Nce2 {B87: Sicilian Scheveningen/Najdorf: 6 Bc4, with early ...b5} (13. a4 b4 14. Nce2 Kh8 15. Bg5 Bxg5 16. Qxg5 Nf6 17. Ng3 Nc6 18. Nxc6 Bxc6 19. Rad1 Rad8 20. Rd3 h6 {1-0 (36) Kasparov,G (2770)-Gelfand,B (2665) Paris 1991}) 13... Bf6 $146 ({Predecessor:} 13... Nc6 14. Nxc6 Qxc6 15. Nf4 Kh8 16. Bg5 Bxg5 17. Qxg5 Nf6 18. e5 dxe5 19. Qxe5 Rac8 20. a4 Qb6 {½-½ (64) Minasian,A (2535)-Rodriguez Cespedes,A (2490) Luzern 1993}) 14. c3 Nc6 15. Nxc6 {White is slightly better.} Bxc6 16. Nd4 Bd7 17. Rad1 a5 18. Rd3 $36 {[%mdl 2048] White has good play.} a4 19. Bd1 Rb8 (19... b4 $5) 20. a3 (20. Nc2 {seems wilder.} Be5 21. f4 Bf6 22. Nb4 Rc8 23. a3) 20... Kh8 (20... Be5 {keeps more tension.} 21. f4 Bxd4+ 22. cxd4 f6 23. f5 exf5 24. Bf3 Kh8) 21. Bg5 (21. Be3 {is interesting.} Be7 22. Nc2 Qb7 23. Bg5 f6 24. Bd2) 21... Bxg5 22. Qxg5 Qd8 23. Qd2 e5 24. Nc2 (24. Nf5 $16) 24... Be6 $14 25. Nb4 {Hoping for Nc6.} Qb6 26. Bc2 Rd8 27. Rg3 (27. Rd1 {is more complex.} Bc4 28. Qe3 Qc7 29. R3d2 Nf6 30. f3) 27... f6 {[%cal Bf7f6,Bf6f5][%mdl 32]} 28. Qe2 Qb7 29. Bd3 Rb8 30. Nd5 (30. Qd2 $11) 30... Bxd5 31. exd5 f5 32. Qh5 Qf7 (32... e4 $1 $17 {And now ...f4 would win.} 33. Bc2 (33. Rh3 $2 Nf6 $19) 33... Kg8) 33. Qg5 (33. Qxf7 $1 $11 Rxf7 34. h4) 33... g6 $17 34. Rh3 Nf6 35. Rd1 Nxd5 36. Bf1 Nf4 37. Rf3 Rb6 38. g3 Ne6 39. Qe3 Qc7 40. Qd2 (40. Qe2 $142) 40... Nc5 ({Better is} 40... e4 $1 {[%cal Re4f3]} 41. Re3 d5 $1 {[%mdl 512]}) 41. Qd5 Qf7 42. Re3 Qxd5 43. Rxd5 Re8 44. Re1 Kg7 45. Red1 Re6 46. Be2 (46. f4 $15) 46... Kf8 47. Kg2 Ke7 48. h4 Rf6 49. f3 Rf8 (49... h5 $142 50. f4 e4) 50. Kf2 (50. f4 $142) 50... Rfb8 51. h5 g5 52. Bf1 Ke6 53. Bg2 Nd7 54. f4 (54. h6 {was worth a try.}) 54... gxf4 $19 55. gxf4 {[#]} Nf6 $1 ({Not} 55... exf4 56. R5d4 $11) 56. R5d2 e4 ({Don't do} 56... Nxh5 57. Bd5+ Ke7 58. Rh1 $19) ({Less strong is} 56... exf4 57. Re1+ Kf7 58. Bd5+ Nxd5 59. Rxd5 $15) 57. Ke3 (57. Rd4 $142) 57... Rg8 58. Kd4 Rg3 59. Bf1 Rf3 60. c4 (60. Re1 {keeps fighting.}) 60... bxc4 61. Bxc4+ d5 62. Ba2 Rc6 63. Rg1 Rxf4 64. Rg7 Rh4 65. Ra7 f4 66. Rd1 e3 {[%cal Be4e3,Be3e2][%mdl 32]} 67. Kd3 Rd6 68. Rxa4 Nd7 69. Ra5 Ne5+ 70. Kc3 e2 71. Ra1 f3 72. Kd2 Rd4+ {Precision: White = 25%, Black = 53%.} 0-1

[Event "USA-ch Girls 2017"]
[Site "Saint Louis"]
[Date "2017.07.09"]
[Round "2"]
[White "Cervantes Landeiro, Thalia"]
[Black "Nguyen, Emily"]
[Result "1/2-1/2"]
[WhiteElo "2032"]
[BlackElo "2048"]
[Annotator "NA RC"]
[PlyCount "110"]
[EventDate "2017.??.??"]
[EventType "tourn"]
[EventCountry "USA"]
[SourceTitle "playchess.com"]
[Source "ChessBase"]
[SourceQuality "1"]
[TimeControl "40/5400+30:1800+30"]

{[%evp 14,110,23,26,31,9,22,38,56,32767,32767,32767,54,44,51,58,46,45,43,27,69,32767,32767,20,37,41,52,53,52,63,45,35,58,62,66,53,79,71,32767,32767,140,32767,171,172,166,150,147,136,153,130,127,135,181,32767,261,314,278,316,310,416,398,473,502,699,494,372,323,422,32767,32767,636,869,612,827,932,32767,32767,6107,29984,6617,208,276,217,205,29989,221,205,221,221,221,203,194,203,205,187,203,187,203,216]} 1. d4 {[%emt 0:00:00]} d5 {[%emt 0:00:08]} 2. c4 {[%emt 0:00:00]} c6 {[%emt 0:00:04]} 3. Nf3 {[%emt 0:00:00]} Nf6 {[%emt 0:00:03]} 4. e3 {[%emt 0:00:00]} e6 {[%emt 0:00:04]} 5. b3 {[%emt 0:00:00]} c5 {[%emt 0:01:19]} 6. Nbd2 {[%emt 0:04:16]} cxd4 {[%emt 0:03:51] D30: Queen's Gambit Declined: Systems without Nc3} 7. exd4 {[%emt 0:00:24]} Nc6 {[%emt 0:03:54]} 8. Bb2 {[%emt 0:03:31]} Bd6 {[%emt 0:02:23]} (8... Be7 9. g3 O-O 10. Bg2 b6 11. O-O Bb7 12. Qe2 Rc8 13. Rfd1 {½-½ (71) Markus,R (2673)-Kollars,D (2503) Zalakaros 2017}) 9. Bd3 {[%emt 0:01:48]} (9. c5 $5 {[%cal Rc5d6]} Bf4 10. Bd3 $11) 9... O-O {[%emt 0:00:14] LiveBook: 3 Games} 10. O-O {[%emt 0:00:14]} Re8 $146 {[%emt 0:00:52]} ({Predecessor:} 10... b6 11. Qe2 Bb7 12. Rad1 Ne7 13. Ne5 Ng6 14. f4 {1-0 (40) Brunello,S (2567)-Mihajlov,S (2387) Reykjavik 2016}) 11. Ne5 {[%emt 0:07:18]} Bf8 {[%emt 0:06:55]} 12. Rc1 {[%emt 0:07:58]} dxc4 {[%emt 0:09:02]} 13. Nxc6 {[%emt 0:02:16]} bxc6 {[%emt 0:00:06]} 14. Nxc4 {[%emt 0:06:30]} Bb7 {[%emt 0:04:06]} 15. Ne5 {[%emt 0:03:24]} Rc8 {[%emt 0:07:44]} 16. Qf3 {[%emt 0:08:20]} Qd5 {[%emt 0:04:30]} 17. Qxd5 {[%emt 0:12:21]} Nxd5 {[%emt 0:02:04]} 18. Nd7 {[%emt 0:08:23]} Nf4 {[%emt 0:08:16]} 19. Bc4 {[%emt 0:06:18]} c5 {[%emt 0:02:56]} 20. f3 {[%emt 0:02:51]} cxd4 {[%emt 0:06:58]} 21. Nxf8 {[%emt 0:00:46]} Rxf8 {[%emt 0:16:19]} 22. Bxd4 {[%emt 0:02:08]} Rfd8 {[%emt 0:05:00]} 23. Be3 {[%emt 0:06:47]} Nd5 {[%emt 0:05:39]} 24. Bxd5 {[%emt 0:01:38]} exd5 {[%emt 0:01:58]} 25. Bxa7 {[%emt 0:02:55]} Ra8 {[%emt 0:02:31]} 26. Bb6 {[%emt 0:00:19]} Rd6 {[%emt 0:00:39]} 27. Bc5 {[%emt 0:00:52]} Rc6 {[%emt 0:01:53]} 28. a4 {[%emt 0:01:03]} f6 {[%emt 0:02:12]} 29. Be3 {[%emt 0:01:33]} Rac8 {[%emt 0:01:18]} 30. Rxc6 {[%emt 0:00:24]} Rxc6 {[%emt 0:00:27]} 31. Rc1 {[%emt 0:00:38]} Rxc1+ {[%emt 0:00:30]} 32. Bxc1 {[%emt 0:00:03]} Bc6 {[%emt 0:00:07]} (32... d4 $16 {might work better.} 33. Bb2 d3) 33. Kf2 {[%emt 0:00:15]} Kf7 {[%emt 0:00:29] [#]} 34. Ke3 $1 {[%emt 0:00:13]} Ke6 {[%emt 0:00:44]} 35. Kd4 {[%emt 0:00:09]} Kd7 {[%emt 0:00:15]} 36. Kc5 {[%emt 0:00:26]} Kc7 {[%emt 0:00:22]} 37. a5 {[%emt 0:00:40]} g5 {[%emt 0:01:42]} 38. b4 {[%emt 0:00:34]} Bd7 {[%emt 0:00:51]} 39. Kxd5 {[%emt 0:00:43]} Kb7 {[%emt 0:00:52]} 40. Kd6 {[%emt 0:00:00]} Bc8 {[%emt 0:00:07]} 41. b5 {[%emt 0:00:45]} Bf5 {[%emt 0:00:59]} 42. a6+ {[%emt 0:00:31]} Kb8 {[%emt 0:00:06]} 43. b6 {[%emt 0:00:16]} Bd3 {[%emt 0:00:04]} 44. a7+ {[%emt 0:00:27]} Kb7 {[%emt 0:00:28] [#]} 45. Be3 {[%emt 0:01:57]} (45. a8=Q+ $142 $1 Kxa8 46. Kc7 Ba6 {[#]} 47. Bxg5 $1 {[%mdl 512]} fxg5 (47... f5 48. g4 f4 49. Bxf4 Bb7 50. g5) 48. g3 h5 49. f4 gxf4 50. gxf4) 45... Bf1 {[%emt 0:03:41]} 46. g3 {[%emt 0:00:55]} Be2 {[%emt 0:02:17] [#]} 47. f4 $2 {[%emt 0:04:17]} (47. a8=R $1 {mates} Kxa8 48. Kc7 Bxf3 {[#]} 49. g4 $1 {[%mdl 512]} Bg2 50. Bd4 Bd5 51. Bxf6 Be4 52. Bxg5) 47... gxf4 {[%emt 0:01:17]} 48. gxf4 {[%emt 0:02:07]} Bg4 $2 {[%emt 0:04:47] [#]} (48... f5 $18 49. Ke6 Bg4) 49. Ke7 $2 {[%emt 0:01:27]} (49. a8=Q+ $1 {mates} Kxa8 50. Kc7 Bf3 51. f5 h5 52. Bd4 h4 53. Bxf6 Bd5 54. Bxh4) 49... f5 {[%emt 0:00:07]} 50. Kf6 {[%emt 0:00:15]} h5 {[%emt 0:00:42]} 51. Kg5 {[%emt 0:00:23]} Ka8 {[%emt 0:00:08]} 52. Kh4 {[%emt 0:00:20]} Bf3 {[%emt 0:01:43]} 53. Bd4 {[%emt 0:11:35]} Kb7 {[%emt 0:01:25]} 54. Kg3 {[%emt 0:03:05]} Be2 {[%emt 0:00:36]} 55. h3 $18 {[%emt 0:03:40]} Bf1 {[%emt 0:00:14]} 1/2-1/2

[Event "USA-ch Girls 2017"]
[Site "Saint Louis"]
[Date "2017.07.10"]
[Round "3"]
[White "Feng, Maggie"]
[Black "Yip, Carissa"]
[Result "1-0"]
[WhiteElo "2304"]
[BlackElo "2261"]
[Annotator "TA"]
[PlyCount "65"]
[EventDate "2017.??.??"]
[EventType "tourn"]
[EventCountry "USA"]
[SourceTitle "playchess.com"]
[Source "ChessBase"]
[SourceQuality "1"]

{[%evp 18,65,21,1,19,0,0,5,0,-4,0,-11,-4,-8,25,14,22,15,14,14,49,45,41,39,43,43,52,0,0,0,32,0,28,23,43,31,150,135,145,152,289,206,220,243,230,213,207,191,406,393]} 1. Nf3 Nf6 2. g3 g6 3. b3 Bg7 4. Bb2 O-O 5. Bg2 d5 6. c4 c6 7. O-O Nbd7 8. d3 Re8 9. Nbd2 e6 {A11: English Opening: 1...c6} (9... e5 10. cxd5 cxd5 11. Rc1 b6 12. Qc2 Ba6 13. b4 Bh6 14. Rfd1 Rc8 15. Qa4 Rxc1 16. Bxc1 Qc8 17. Nb3 Bf8 18. Bg5 Bb7 {1-0 (53) Kokarev,D (2624)-Ponkratov,P (2624) Khanty-Mansiysk 2014}) 10. Qc2 {LiveBook: 3 Games} c5 11. e3 b6 {The position is equal.} 12. Ne5 Bb7 13. Rac1 $146 ({Predecessor:} 13. Rad1 Qc7 14. Nxd7 Qxd7 15. Be5 Red8 16. Qb2 Ne8 17. Bxg7 Nxg7 {0-1 (57) Vishal,V (1533)-Harsh,H (1758) Kankarbagh 2015}) 13... Rc8 14. Qb1 Nxe5 15. Bxe5 Nd7 16. Bxg7 Kxg7 17. Rfd1 Ba8 18. cxd5 Bxd5 19. e4 Ba8 20. Nc4 {Hoping for Nd6.} Qc7 21. b4 $36 {[%mdl 2048] White fights for an advantage.} e5 22. bxc5 (22. Qb2 $14) 22... Nxc5 $11 23. Qb2 {Black should prevent d4.} Kg8 24. Ne3 (24. Nxe5 $5 Rxe5 25. d4 $14) 24... Nxd3 25. Rxc7 Nxb2 26. Rdd7 Bc6 (26... Rxc7 $14 27. Rxc7 a6) 27. Rxf7 $16 {[#] White wants to mate with Rg7+.} Rxc7 28. Rxc7 Ba8 (28... Re6 $16 {was called for.} 29. Rxa7 Rd6) 29. Rxa7 Rd8 30. h4 h5 31. Nd5 Bxd5 32. exd5 Nd3 $2 {[#]} (32... Nc4 {was worth a try.} 33. Be4 Rd6) 33. Be4 {Precision: White = 60%, Black = 31%.} 1-0

[Event "USA-ch Girls 2017"]
[Site "Saint Louis"]
[Date "2017.07.10"]
[Round "3"]
[White "Gorti, Akshita"]
[Black "Eswaran, Ashritha"]
[Result "1-0"]
[WhiteElo "2232"]
[BlackElo "2086"]
[Annotator "TA"]
[PlyCount "81"]
[EventDate "2017.??.??"]
[EventType "tourn"]
[EventCountry "USA"]
[SourceTitle "playchess.com"]
[Source "ChessBase"]
[SourceQuality "1"]

{[%evp 16,81,32,33,27,33,28,31,37,43,68,43,133,141,116,102,175,160,176,158,201,198,274,281,285,204,285,235,305,144,153,39,203,172,173,172,172,190,176,110,106,92,97,81,66,58,54,41,40,58,295,277,739,690,745,754,821,814,773,759,836,927,1025,882,1568,1392,1618,1618]} 1. d4 d5 2. Bf4 Nf6 3. Nc3 g6 4. Qd2 Bg7 5. Bh6 O-O 6. Bxg7 {D01: Veresov Opening} (6. h4 c5 7. Bxg7 Kxg7 8. e3 cxd4 9. exd4 h5 10. Bd3 Nc6 11. Nge2 Nb4 12. Nf4 Qb6 13. Nce2 Nxd3+ 14. cxd3 {½-½ (48) Naroditsky,D (2646)-Shankland,S (2674) chess.com INT 2017}) 6... Kxg7 7. O-O-O c5 8. e3 Nc6 9. dxc5 {LiveBook: 4 Games} Qa5 10. Bb5 e5 {[#] aiming for ...d4.} 11. Nge2 Be6 $146 ({Predecessor:} 11... Rd8 12. a3 Qc7 13. f4 {1-0 (32) Lugovskoy,M (2425)-Artemov,N (2092) Moscow 2017}) 12. f4 Ng4 13. Rdf1 Rad8 (13... f6 $14) 14. Bxc6 $16 bxc6 15. h3 Nh6 (15... Nf6 $16) 16. fxe5 $18 Qxc5 17. g4 Rb8 18. Rhg1 Rb4 (18... Qe7 $142 19. Nd4 Qb4) 19. Nd4 Rfb8 20. Nd1 Qc4 21. Kb1 c5 22. Nxe6+ (22. Nc6 $18) 22... fxe6 $16 23. Qf2 (23. Rf6 $16) 23... d4 $2 (23... Rxb2+ $1 $14 24. Nxb2 Qc3 25. Qf6+ Kg8 26. Qxe6+ Kh8) 24. b3 d3 25. Nb2 dxc2+ 26. Qxc2 Qe4 27. Rd1 ({White should play} 27. Nd3 $18 R4b6 28. Rc1) 27... Nf7 28. Rd7 {Hoping for Rf1.} Kg8 29. Qxe4 Rxe4 30. Rxa7 Rxe3 31. Nc4 Rxh3 32. Rc7 Rb5 $2 {[#]} (32... Ng5 $14) 33. Rxf7 $1 $18 {[%mdl 512]} Rb4 $2 (33... Rbxb3+ 34. axb3 Kxf7) (33... Kxf7 34. Nd6+) 34. Rf6 {White is clearly winning.} Rc3 {If only Black now had time for ...Rcxc4....} 35. Ka1 Rc2 36. Rxe6 Rb8 37. Rb6 Ra8 38. a4 Rf8 39. e6 {[%cal Be5e6,Be6e7][%mdl 32]} Rff2 40. Rb8+ Kg7 41. e7 {Precision: White = 61%, Black = 33%.} 1-0

[Event "USA-ch Girls 2017"]
[Site "Saint Louis"]
[Date "2017.07.10"]
[Round "3"]
[White "Virkud, Apurva"]
[Black "Ulrich, Rachel J"]
[Result "0-1"]
[WhiteElo "2213"]
[BlackElo "2049"]
[Annotator "TA"]
[PlyCount "78"]
[EventDate "2017.??.??"]
[EventType "tourn"]
[EventCountry "USA"]
[SourceTitle "playchess.com"]
[Source "ChessBase"]
[SourceQuality "1"]

{[%evp 31,78,0,27,-125,-125,-91,-120,-108,-68,-135,-141,-126,-147,-208,-203,-209,-215,-267,-241,-458,-451,-511,-500,-527,-530,-766,-556,-562,-559,-823,-729,-670,-563,-846,-817,-797,-782,-1077,-813,-29981,-29982,-29982,-29983,-29982,-29982,-29984,-29985,-29989,-29984]} 1. d4 d5 2. c4 c6 3. Nc3 Nf6 4. Nf3 e6 5. Bg5 dxc4 6. e4 b5 7. e5 h6 8. Bh4 g5 9. Nxg5 hxg5 10. Bxg5 Nbd7 11. g3 Qb6 12. exf6 Bb7 13. Bg2 O-O-O 14. O-O c5 15. d5 b4 16. Na4 Qa6 {LiveBook: 88 Games. D44: Semi-Slav: Botvinnik System} (16... Qb5 17. a3 Nb8 18. axb4 cxb4 19. Qg4 Bxd5 20. Rfc1 Nc6 21. Bxd5 Rxd5 22. Rxc4 Rxg5 23. Qd4 Kb8 24. Rxc6 Rxg3+ 25. fxg3 Qxc6 26. Rd1 Qc7 27. b3 Kc8 28. Qe4 Kb8 {1-0 (65) Ding,L (2778)-Yu,Y (2734) Danzhou 2016}) 17. dxe6 $2 (17. a3 $11 Bxd5 18. Bxd5) 17... Bxg2 $17 18. e7 Qc6 $1 {Black is better.} 19. exd8=Q+ ({Reject} 19. exd8=R+ $6 Kxd8 20. Qc2 Be4 $11) 19... Kxd8 20. Re1 {[#]} (20. Qd2 $15) 20... Bh1 $1 $40 {[%csl Gh1][%cal Rc6g2][%mdl 128] White is in trouble.} 21. f3 Bxf3 22. Qd2 $146 (22. Qc2 $17 Bd6 23. Qxc4) ({Predecessor:} 22. Qc2 Qd5 23. Qf2 Bd6 24. Re3 {1-0 (34) Braeutigam,T (2064)-Strobel,W (2209) Bayern 2002}) 22... Qxa4 $19 23. Qe3 Bd5 24. Bf4 {[%csl Ge1][%cal Re3e8]} Kc8 ({Avoid the trap} 24... Nxf6 $2 25. Qe5 $18) 25. b3 $2 (25. Rad1 Qc6 26. Qe8+ Kb7 27. Bg5) 25... Qc6 26. Rad1 {Qe8+ would now be nice for White.} c3 27. Qd3 Be6 28. Bg5 Bh6 29. Bxh6 Rxh6 30. Rf1 c4 31. Qe3 Qb6 32. Rd4 cxb3 33. axb3 Rxf6 34. Ra1 Nb8 35. Rxa7 Qxa7 {Black mates.} 36. Rc4+ Bxc4 ({Worse is} 36... Kb7 {[#]} 37. Rc7+ $1 {[%mdl 512]} Kxc7 38. Qxa7+ Kc8 39. Qc5+ Kd8 40. Qb6+ Kc8 41. Qc5+ Kd8 42. Qb6+ Kc8 43. Qc5+ $11) 37. Qxa7 c2 38. Qc5+ Rc6 39. Qf8+ Kc7 {Precision: White = 18%, Black = 91%.} 0-1